000 003620000a22001570004500
001 003152
003 MACL
040 _aMACL
090 _c15145
_d15144
100 _aFrawley, David
245 _aVedantic Meditation
_bLighting The Flame Of Awareness
_cDavid Frawley
260 _aFull Circle,
_c2002
350 _a195
650 _aReligion
942 _k295
_cBook
999 _c15058
_d15058